000 00436nam a2200181Ia 4500
001 23553
005 20260414150945.0
008 260414t2015||||xx |||||||||||||| ||spa||
041 _aESP
082 _a660.63
_bD69
100 _aDíaz Fernández, Mario
_eAUT
245 0 _aIngeniería de bioprocesos
_b
260 _c2015
300 _aviii, 552 páginas :
_c27 cm.
650 _aTCA
654 _aCII
942 _cLIB
_dJUS
_fJUS
_2ddc
_n
999 _c23553
_d23553